Padikkatha padam(പഠിക്കാത്ത പാഠം) (Record no. 114958)

MARC details
000 -LEADER
fixed length control field 00441nam a22001457a 4500
005 - DATE AND TIME OF LATEST TRANSACTION
control field 20260216123932.0
008 - FIXED-LENGTH DATA ELEMENTS--GENERAL INFORMATION
fixed length control field 250405b |||||||| |||| 00| 0 eng d
080 ## - UNIVERSAL DECIMAL CLASSIFICATION NUMBER
Universal Decimal Classification number FM
Item number VEN/P CL
100 ## - MAIN ENTRY--PERSONAL NAME
Personal name Venugopal,Edayar
245 ## - TITLE STATEMENT
Title Padikkatha padam(പഠിക്കാത്ത പാഠം)
260 ## - PUBLICATION, DISTRIBUTION, ETC. (IMPRINT)
Name of publisher, distributor, etc Cochin Printech pvt. ltd.
Place of publication, distribution, etc Ernakulam.
Date of publication, distribution, etc 2024.
300 ## - PHYSICAL DESCRIPTION
Extent 83p.
653 ## - INDEX TERM--UNCONTROLLED
Uncontrolled term Fiction-short stories-Childrens literature
942 ## - ADDED ENTRY ELEMENTS (KOHA)
item type Under processing
Holdings
Lost status Source of classification or shelving scheme Not for loan Home library Current library Date acquired Total Checkouts Full call number Barcode Date last seen Cost, replacement price Price effective from Koha item type
  Universal Decimal Classification   University Library University Library 04/04/2025   FM VEN/P CL G0011501 05/04/2025 100.00 05/04/2025 Books
University Library, CUSAT